| 000 -ლიდერი |
| ფიქსირებული სიგრძის საკონტროლო ველი |
01966nam a2200325Ia 4500 |
| 001 - საკონტროლო ნომერი |
| საკონტროლო ველი |
22718 |
| 003 - საკონტროლო ნომრის იდენტიფიკატორი |
| საკონტროლო ველი |
GE_BSU |
| 005 - ბოლო ოპერაციის თარიღი და დრო |
| საკონტროლო ველი |
20221219144136.0 |
| 008 - ფიქსირებული სიგრძის მონაცემთა ელემენტები - ზოგადი ინფორმაცია |
| ფიქსირებული სიგრძის საკონტროლო ველი |
181216s2017||||ge |||||||||||||| ||geo|| |
| 020 ## - წიგნის საერთაშორისო სტანდარტული ნომერი |
| International Standard Book Number |
9789941182648 |
| 040 ## - კატალოგიზაციის წყარო |
| Transcribing agency |
GE_BSU |
| 041 ## - ენის კოდი |
| Language code of text/sound track or separate title |
geo |
| 080 ## - უნივერსალური ათობითი კლასიფიკაციის ინდექსი |
| Universal Decimal Classification number |
316.628+303.62 მ-66 |
| 100 ## - მთავარი ჩანაწერი - პიროვნების სახელი |
| Personal name |
მილერი, უილიამ |
| 9 (RLIN) |
16495 |
| 245 ## - ცნობა სათაურის შესახებ |
| Title |
მოტივაციური ინტერვიუირება : |
| Remainder of title |
დავეხმაროთ ადამიანებს, შეიცვალონ / |
| Statement of responsibility, etc |
უილიამ რ. მილერი, სტივენ როლნიკი ; მთარგმნელი ქეთევან თოდაძე ; რედაქტორები: ია შეყრილაძე, ქეთევან კაპანაძე. |
| 250 ## - გამოცემის ცნობა |
| Edition statement |
მე-3 გამოცემა. |
| 264 ## - წარმოების, გამოცემის, დისტრიბუციის და სხვა ცნობები |
| გამოცემის, წარმოების, დისტრიბუციის... ადგილი |
თბილისი : |
| გამოცემის, წარმოების, დისტრიბუციის... სახელწოდება |
ილიას სახელმწ. უნ-ტის გამ-ბა, |
| გამოცემის, წარმოების, დისტრიბუციის... თარიღი |
2017. |
| 300 ## - ფიზიკური აღწერა |
| Extent |
485 გვ.; |
| Other physical details |
24 სმ. |
| 500 ## - ზოგადი შენიშვნა |
| General note |
მე-2 გვერდზე სათაური ინგლ.ენაზე. |
| 504 ## - BIBLIOGRAPHY, ETC. NOTE |
| Bibliography, etc |
ბიბლიოგრ.: გვ. 431-485. |
| 520 ## - SUMMARY, ETC. |
| Summary, etc |
გამოცემა დაფინანსებულია ევროკომისიის მიერ TEMPUS-ის დაფინანსების მექანიზმის გამოყენებით. |
| 653 ## - INDEX TERM--UNCONTROLLED |
| Uncontrolled term |
მოტივაცია. |
| 653 ## - INDEX TERM--UNCONTROLLED |
| Uncontrolled term |
ინტერვიუირება. |
| 700 ## - ADDED ENTRY--PERSONAL NAME |
| Personal name |
როლნიკი, სტივენ |
| Relator term |
ავტორი |
| 9 (RLIN) |
16496 |
| 700 ## - ADDED ENTRY--PERSONAL NAME |
| Personal name |
თოდაძე, ქეთევან |
| Relator term |
მთარგმნელი |
| 9 (RLIN) |
12663 |
| 700 ## - ADDED ENTRY--PERSONAL NAME |
| Personal name |
შეყრილაძე, ია |
| Relator term |
რედაქტორი. |
| 9 (RLIN) |
16497 |
| 700 ## - ADDED ENTRY--PERSONAL NAME |
| Personal name |
კაპანაძე, ქეთევან |
| Relator term |
რედაქტორი |
| 9 (RLIN) |
16498 |
| 942 ## - ADDED ENTRY ELEMENTS (KOHA) |
| Koha item type |
წიგნი |
| Source of classification or shelving scheme |
|